Statistiques concernant Tous les arrêts de la ligne du métro 7 de Paris

Cliquez ici pour prendre le quiz!

Statistiques générales

  • Ce quiz a été pris 27 fois
  • Le résultat moyen est 26 sur 38

Statistiques - réponses

Arrêt% Correct
Châtelet
91%
La Courneuve-8 mai 1945
87%
Mairie d'Ivry
87%
Place d'Italie
87%
Jussieu
83%
Opéra
83%
Pont Neuf
83%
Tolbiac
83%
Villejuif Louis Aragon
83%
Gare de l'Est
78%
Les Gobelins
78%
Porte d'Italie
78%
Pyramides
78%
Place Monge
74%
Stalingrad
74%
Sully-Mortand
74%
Aubervilliers-Pantin-Quatre Chemins
70%
Censier-Daubenton
70%
Chaussée d'Antin-La Fayette
70%
Louis-Blanc
70%
Maison Blanche
70%
Porte de la Villette
70%
Porte d'Ivry
70%
Cadet
65%
Château Landon
65%
Corentin Cariou
65%
Palais Royal Musée du Louvre
65%
Crimée
61%
Fort d'Aubervilliers
61%
Le Kremlin-Bicêtre
61%
Poissonière
61%
Porte de Choisy
61%
Pierre et Marie Curie
57%
Riquet
57%
Villejuif Paul Vaillant Couturier
57%
Le Peletier
52%
Villejuif Leo Lagrange
52%
Pont Maire
4%

Distribution des résultats

Percentile par nombre de réponses

% des personnes avec chaque résultat

Votre développement - résultats

Vous n’avez pas pris ce quiz